Top 10 kryptowalut - Statystyki

Ogólne statystyki
  • Ten quiz został rozwiązany 65 razy
  • Średni wynik to 4 z 10
Statystyki odpowiedzi
Kapitulacja Kryptowaluta % Poprawnych
366,87 Bitcoin
100%
159,16 Ethereum
72%
8,01 Dogecoin
58%
11,18 Solana
58%
24,37 XRP
55%
43,93 BNB
42%
68,42 Tether
28%
13,52 Cardano
25%
45,95 USD Coin
8%
21,63 Binance USD
2%
Nie znaleziono quizów pasujących do podanych kryteriów
Rozkład punktacji
Procent ludzi z każdym wynikiem
Percentyl według liczby udzielonych odpowiedzi
Twoja historia wyników
Nie rozwiązałeś tego quizu